Normal view
MARC view
Entry Personal Name
001 - CONTROL NUMBER
- control field: 10307
003 - CONTROL NUMBER IDENTIFIER
- control field: HDC
005 - DATE AND TIME OF LATEST TRANSACTION
- control field: 20230624073328.0
008 - FIXED-LENGTH DATA ELEMENTS
- fixed length control field: 210203|| aca||aabn | a|a d
040 ## - CATALOGING SOURCE
- Original cataloging agency: HDC
- Transcribing agency: HDC
100 ## - HEADING--PERSONAL NAME
- Personal name: B. Suresh Ram
670 ## - SOURCE DATA FOUND
- Source citation: Work cat.: (HDC): B. Suresh Ram, author, Malaysia is world's third biggest bird's nest exporter /, 2010
